La buena fe en el contrato de seguro de vida

Kaydedildi:
Detaylı Bibliyografya
Yazar: Ruiz-Tagle Vial, Carlos (Yazar)
Materyal Türü: Kitap
Dil:İspanyolca
Baskı/Yayın Bilgisi: Santiago Jurídica de Chile 2011
Edisyon:1a. ed
Konular:
Etiketler: Etiketle
Etiket eklenmemiş, İlk siz ekleyin!

MARC

LEADER 00000nam a2200000 a 4500
001 UCG6910
003 CL-VaPUC
008 110526e20110400CL |||||||||||||||||spa|d
020 |a 9789561021044 
082 0 4 |a 346.83086  |b RUI  |2 21 
100 0 |a Ruiz-Tagle Vial, Carlos  |e author  |9 557362 
245 1 3 |a La buena fe en el contrato de seguro de vida 
250 |a 1a. ed 
300 |a 478 p 
942 |c BK 
945 |d 20110526 00:00:00  |a jcampos 
260 |a Santiago  |b Jurídica de Chile  |c 2011 
650 0 |a Seguro de vida  |9 762928 
650 0 |a Contratos  |9 255153 
650 7 |a FASE CONTRACTUAL  |2 CL-VaPUC  |9 557364 
650 0 |a Buena fe   |9 383961 
650 7 |a LEGISLACION CHILENA  |2 CL-VaPUC  |9 404063 
651 7 |a CHILE  |2 CL-VaPUC  |9 557365 
583 |a last modification  |c 20190618 12:08:46  |k Rodrigo Vera 
999 |c 345013  |d 345011 
952 |0 0  |1 0  |4 0  |6 346_830860000000000_RUI_2011  |7 0  |8 A  |9 443403  |a BIBDER  |b BIBDER  |d 2019-11-22  |i 4779630  |l 1  |o 346.83086 RUI 2011  |p 4779630  |r 2023-01-25  |s 2022-06-20  |w 2019-11-22  |y BK  |k DER